| 000 -LEADER |
| fixed length control field |
00958nam a22002297a 4500 |
| 003 - CONTROL NUMBER IDENTIFIER |
| control field |
OSt |
| 005 - DATE AND TIME OF LATEST TRANSACTION |
| control field |
20250226090945.0 |
| 008 - FIXED-LENGTH DATA ELEMENTS--GENERAL INFORMATION |
| fixed length control field |
250226b ||||| |||| 00| 0 eng d |
| 020 ## - INTERNATIONAL STANDARD BOOK NUMBER |
| International Standard Book Number |
9781843038887 |
| 040 ## - CATALOGING SOURCE |
| Transcribing agency |
KH8 |
| 082 ## - DEWEY DECIMAL CLASSIFICATION NUMBER |
| Classification number |
900 WAU |
| 100 ## - MAIN ENTRY--PERSONAL NAME |
| Personal name |
Waugh, Steve, |
| Relator term |
author. |
| 245 ## - TITLE STATEMENT |
| Title |
Medieval Britain 1066-1485 / |
| Statement of responsibility, etc. |
Steve Waugh. |
| 260 ## - PUBLICATION, DISTRIBUTION, ETC. |
| Place of publication, distribution, etc. |
New York ; |
| Name of publisher, distributor, etc. |
Oxford University Press , |
| Date of publication, distribution, etc. |
2006. |
| 300 ## - PHYSICAL DESCRIPTION |
| Extent |
64 pages : |
| Other physical details |
illustrations ; |
| Dimensions |
30 cm. |
| 490 ## - SERIES STATEMENT |
| Series statement |
Specials! |
| 520 ## - SUMMARY, ETC. |
| Summary, etc. |
Specials! History provide ready-made resource lessons for teachers and students. Each book contains ten topics with detailed teacher's notes that are linked to the National Curriculum, Scheme of Work and 5-14 Guidelines. Resource and activity sheets have been designed specifically for use with students with lower reading abilities. |
| 650 ## - SUBJECT ADDED ENTRY--TOPICAL TERM |
| Topical term or geographic name entry element |
History |
| Form subdivision |
practice book |
| 650 ## - SUBJECT ADDED ENTRY--TOPICAL TERM |
| Topical term or geographic name entry element |
History |
| Form subdivision |
exercise & assessment |
| 650 ## - SUBJECT ADDED ENTRY--TOPICAL TERM |
| Topical term or geographic name entry element |
History |
| Form subdivision |
workbook |
| 942 ## - ADDED ENTRY ELEMENTS (KOHA) |
| Source of classification or shelving scheme |
|
| Koha item type |
Books - Non Ficton |